00482nam a2200193Ia 4500003000900000008004100009040001300050040001300063041000800076100002100084245005800105250001000163260002800173260000900201300001100210300001000221490005100231490000600282IT-RoPAU120407s9999 xx 000 0 und d aIT-RoPAU cIT-RoPAU aita aAntoine Chavasse aLa liturgie de la ville de Rome du V au VIII siècle aRoma  aPont. Ateneo S. Anselmo c1993 a356 p. c24 cm a"Studia Anselmiana 112; Analecta liturgica 18" v1